000 00815nam a2200193Ia 4500
008 151121s9999||||xx |||||||||||||| ||und||
082 _a030/चतुवेइद
082 _bHNW-13159
100 _aचतुर्वेदी श्रीनारायण
245 _aसरस्वती हीरक जयन्ती अंक
260 _b"इंड़ियन प्रेस प्रा।लि।, इलाहाबाद।"
260 _c--
300 _a808
600 _aचतुर्वेदी श्रीनारायण
630 _aसरस्वती हीरक जयन्ती अंक
700 _aचतुर्वेदी श्रीनारायण
730 _aसरस्वती हीरक जयन्ती अंक
942 _cBOOK
999 _c1217407
_d1217404